La Electricidad : revista general de sus progresos científicos é industriales revista general de sus progresos científicos é industriales
Descripción Física:
8 volums : il·lustracions, periodicitat quinzenal ; 32 cm
Idioma:
Español
MARC
| LEADER | 00000nas a2200000 a 4500 | ||
|---|---|---|---|
| 003 | Arxiu | ||
| 005 | 20260324181509.0 | ||
| 008 | 160829d1883 spcsrxx spa c 000 0 cat d | ||
| 080 | |a Revistes | ||
| 245 | 0 | 3 | |a La Electricidad : |b revista general de sus progresos científicos é industriales |
| 260 | |a Barcelona : |b Imp. de José Miret, |c 1883- | ||
| 300 | |a 8 volums : |b il·lustracions, periodicitat quinzenal ; |c 32 cm | ||
| 310 | |a Quinzenal | ||
| 362 | |a Año 1, no. 1 (enero 1883)- | ||
| 590 | |a Quinzenal. | ||
| 590 | |a Prové de 2277, exp. 5 | ||
| 650 | |a Electricitat |x Revistes |9 47449 | ||
| 650 | |a Enginyeria elèctrica |x Revistes |9 43577 | ||
| 856 | 4 | 0 | |u http://hdl.handle.net/2099.4/1497 |z Accés a text complet |
| 866 | |a Any 1, T. 1, 1883 (1, 2, 3, 4, 5, 6, 7, 8) | ||
| 901 | |a Arxiu | ||
| 942 | |n 1 |2 udc |c REV | ||
| 952 | |0 0 |1 0 |4 0 |7 1 |9 66489 |a Arxiu |b Arxiu |d 2023-06-13 |h Año 1, tomo 1, núm. 1 (1 enero 1883)-Año 1, tomo 1, núm. 8 (15 abril 1883) |o Rev-2182 |p 28040 |r 2023-06-13 00:00:00 |w 2023-06-13 |y ARXIU | ||
| 999 | |c 55361 |d 55361 | ||